JavaScript programming for the absolute beginner : the fun way to learn programming / (Record no. 179272)
[ view plain ]
| 000 -LEADER | |
|---|---|
| fixed length control field | 01355 a2200217 4500 |
| 003 - CONTROL NUMBER IDENTIFIER | |
| control field | Nust |
| 005 - DATE AND TIME OF LATEST TRANSACTION | |
| control field | 20220816102613.0 |
| 010 ## - LIBRARY OF CONGRESS CONTROL NUMBER | |
| LC control number | 2001086961 |
| 020 ## - INTERNATIONAL STANDARD BOOK NUMBER | |
| International Standard Book Number | 0761534105 |
| 040 ## - CATALOGING SOURCE | |
| Transcribing agency | Nust |
| 082 00 - DEWEY DECIMAL CLASSIFICATION NUMBER | |
| Classification number | 005.133,HAR |
| 100 1# - MAIN ENTRY--PERSONAL NAME | |
| Personal name | Harris, Andrew, |
| 9 (RLIN) | 97379 |
| 245 10 - TITLE STATEMENT | |
| Title | JavaScript programming for the absolute beginner : the fun way to learn programming / |
| Statement of responsibility, etc. | Andy Harris. |
| 260 ## - PUBLICATION, DISTRIBUTION, ETC. | |
| Place of publication, distribution, etc. | Roseville, CA : |
| Name of publisher, distributor, etc. | Prima Tech, |
| Date of publication, distribution, etc. | 2001. |
| 300 ## - PHYSICAL DESCRIPTION | |
| Extent | xv, 347 p. : |
| Other physical details | ill. ; |
| Dimensions | 24 cm. + |
| Accompanying material | 1 CD-ROM (4 3/4 in.). |
| 490 1# - SERIES STATEMENT | |
| Series statement | For the absolute beginner |
| 505 ## - FORMATTED CONTENTS NOTE | |
| Formatted contents note | Variables, Input, and Output (Page-1), The Fortune Teller: Random Numbers and the if Statement (Page-21), The Number Guesser: for and while Loops (Page-45), The Basic Mad Lib Program and Object-Based Programming (Page-63), Advanced Mad Lib: Using the Other Form Elements (Page-89), Petals around the Rose: Dynamic Output (Page-115), Image Swapping and Lookup Tables: The Basketball Game (Page-139), Dynamic HTML: The Stealth Submarine (Page-171), Sprite Animation: The Race (Page-203), Using Other gameLib Features:The Dogfight Game (Page-235), Cookies and the Mouse: The Jigsaw Puzzle (Page-261), The Game Creation Process: The Brick Game (Page-289). |
| 650 #0 - SUBJECT ADDED ENTRY--TOPICAL TERM | |
| Topical term or geographic name entry element | JavaScript (Computer program language) |
| 9 (RLIN) | 3349 |
| 830 #0 - SERIES ADDED ENTRY--UNIFORM TITLE | |
| Uniform title | For the absolute beginner (Series) |
| 9 (RLIN) | 97380 |
| 942 ## - ADDED ENTRY ELEMENTS (KOHA) | |
| Source of classification or shelving scheme | |
| Koha item type | Book |
| Call number prefix | 005.133,HAR |
| Withdrawn status | Lost status | Source of classification or shelving scheme | Damaged status | Not for loan | Permanent Location | Current Location | Shelving location | Date acquired | Total Checkouts | Full call number | Barcode | Date last seen | Date last checked out | Price effective from | Koha item type | Public note |
|---|---|---|---|---|---|---|---|---|---|---|---|---|---|---|---|---|
| Military College of Signals (MCS) | Military College of Signals (MCS) | General Stacks | 12/12/2016 | 2 | 005.133,HAR | MCS31141 | 03/29/2023 | 02/21/2023 | 12/12/2016 | Book | Almirah No.4, Shelf No.5 |
